Journeys 2 : Writing

Αποθηκεύτηκε σε:
Λεπτομέρειες βιβλιογραφικής εγγραφής
Κύριος συγγραφέας: Davis, Betsy C.
Μορφή: Βιβλίο
Γλώσσα:Undetermined
Έκδοση: Singapore Prentice Hall 1999
Θέματα:
Ετικέτες: Προσθήκη ετικέτας
Δεν υπάρχουν, Καταχωρήστε ετικέτα πρώτοι!
Thư viện lưu trữ: Trung tâm Học liệu Trường Đại học Cần Thơ
LEADER 00550nam a2200217Ia 4500
001 CTU_94054
008 210402s9999 xx 000 0 und d
020 |c 135000 
082 |a 428.24 
082 |b D261/B.2 
100 |a Davis, Betsy C. 
245 0 |a Journeys 2 : 
245 0 |b Writing 
245 0 |c Betsy C. Davis 
260 |a Singapore 
260 |b Prentice Hall 
260 |c 1999 
650 |a English language,Writing 
650 |x Study and teaching 
904 |i Tuyến 
980 |a Trung tâm Học liệu Trường Đại học Cần Thơ